Animal Alphabet 6 - Statistics

General Stats
  • This quiz has been taken 36 times
  • The average score is 20 of 26
Answer Stats
Picture Hint Answer % Correct
A Ant
96%
E Eagle
96%
S Snake
96%
K Koala
93%
M Monkey
93%
O Otter
93%
P Penguin
93%
T Tadpole
93%
B Bat
89%
H Hedgehog
89%
L Lobster
89%
R Raccoon
89%
G Goldfish
86%
C Coyote
82%
V Vulture
82%
F Falcon
79%
N Newt
71%
Y Yellow Jacket
68%
W Wolverine
64%
I Impala
61%
J Jackalope
61%
Z Zorse
57%
D Dhole
54%
U Umbrella Bird
54%
Q Quoll
46%
X Xenopus
43%
No matching quizzes found
Score Distribution
Percent of People with Each Score
Percentile by Number Answered
Your Score History
You have not taken this quiz